000 00317nam a22001337a 4500
020 _a0835209520
082 _a021.4 SOC
100 _aPATRICIA ,Glass. schuman
245 _a SOCIAL RESPONSIBILITIES AND LIBRARIES
260 _aLONDON
_bBOWKER
_c1976
300 _ax,402p
_bill.;23CM
500 _aIndex
942 _cBK
999 _c19134
_d19134